000 01200nam a2200325 c 4500
003 BLK
005 20180422101726.0
008 180408b bul|||||r ||||||| ||bul||
010 _aKNG00057191000
020 _a954-9870-23-5
_bиздат.: Петко Венедиков
040 _aBLK
041 _aBUL
_cBUL
080 _aТеория и техника на превода
_b82`25
_x
_z82`25
100 1 _aНиколова, Искра
_eпърви автор
_gКостадинова-Щукова, Искра Николова
_9368886
139 _aНиколова, Искра
_bН 75
245 1 0 _aТекстове в движение : проблеми на превода и адаптацията
_cИскра Николова.
257 _aBGR
260 София
_bПетко Венедиков
_c2005
_fСофия : Симолини
300 _a192 с.
_c21 см
380 _a82
500 _aБиблиогр. с. 177-190.
504 _a177-190
650 4 _aПревод - теория
_9242429
653 _aпревод
852 _aЦб 225893
856 4 _qpdf
_u
856 4 _qpdf
_u
942 _cKNG
_n0
944 _aCR
_c21.12.2005
_kЛюдмила_Стоянова
944 _aED
_c03.07.2009
_k
999 _c53256
_d53256